000 00906nam a2200265 i 4500
001 000029375
003 DO-SdBNP
005 20251013132206.0
007 ta
008 110415s1975 dr 000 0 spa d
040 _aDO-SdBNP
_bspa
_cBNPHU
_erda
041 _aspa
082 4 _axxx
_bC117e
_222
100 1 _aCabral Ortega, Héctor A.
_eautor
_917194
_4aut.
245 1 0 _aEconomía de planificación y producción azucarera en la República Dominicana /
_cHéctor A. Cabral Ortega.
264 _aSanto Domingo, República Dominicana :
_bUASD,
_c1975.
300 _a31, [1] páginas ;
_c23 cm.
336 _atexto
_btxt
_2rdacontent
337 _asin mediación
_bn
_2rdamedia
338 _avolumen
_bnc
_2rdacarrier
490 0 _aColección Conferencia
_vno. 29
_vvo. 182
504 _aBibliografía: páginas 31-[32]
710 1 _aUniversidad Autónoma de Santo Domingo
_972951
942 _2ddc
_cLF2
999 _c28867
_d28867